Statistics for Portuguese Thanksgiving Vocabulary

Click here to take the quiz!

General Stats

  • This quiz has been taken 26 times
  • The average score is 23 of 42

Answer Stats

EnglishPortuguês% Correct
FoodComida
94%
SpoonColher
82%
KitchenCozinha
82%
To cookCozinhar
82%
KnifeFaca
82%
FamilyFamília
82%
ForkGarfo
82%
DinnerJantar
82%
ButterManteiga
82%
TableMesa
82%
BreadPão
82%
PlatePrato
82%
SaltSal
82%
ChairCadeira
76%
To celebrateCelebrar
76%
GlassCopo
76%
OvenForno
76%
TurkeyPeru
76%
PepperPimenta
76%
DessertSobremesa
71%
NapkinGuardanapo
59%
FeastBanquete
53%
CookCozinheiro
53%
FootballFutebol Americano
53%
Dining RoomSala de Jantar
53%
VegetablesHortaliças
47%
ThanksgivingAção de Graças
41%
GuestConvidado
41%
HolidayDia Feriado
41%
Mashed PotatosPurê de Batatas
41%
BasketCesta
35%
Native AmericanIndiano Americano
35%
TableclothToalha de Mesa
29%
Pumpkin PieTorta de Abóbora
29%
RollPãozinho
18%
PilgrimPeregrino
18%
Whip CreamCreme Batido
12%
ChinaPorcelana
12%
StuffingRecheio
12%
Sparkling CiderCidra Espumante
6%
YamInhame
6%
GravyMolho de Carne
0%

Score Distribution

Percentile by Number Answered

Percent of People with Each Score

Your Score History

You have not taken this quiz